000 00645nam a2200205 a 4500
005 20140412111352.0
008 050425s19uu xx 00 eng d
020 _a0-02-660855-3
050 _aTR(GS 372.4
_bO1 2000
100 _aO' Brien, Anne
245 _aSeth's bath :
_bdecodable book /
_cby Anne O' Brien ; illustrated by Gary Undercuffler.
260 _aColumbus, Ohio :
_bSRA/McGraw-Hill,
_c2000.
300 _a8 p. ; ill.
440 _aSRA Open Court Reading
500 _aLevel B, Set 1, Book 28
650 _aReading
_xPhonetics
_xJuvenile literature
650 _aBath
_xFiction
650 _aChildren stories
999 _c105348
_d105348